=LDR 00000nam 2200000 4500 =001 NUTBA000000000003091 =005 20140721101030.0 =006 =007 =008 =020 ##$$a 978-602-8519-52-6 =035 ##$$a 0010-071400000000279 =040 ##$$a NBPDMAT =082 ##$$a 512.4 =090 ##$$a 512.4 $b Fac l =100 ##$$a Fachrie Al Jupri =245 ##$$a Lingkaran / $c Fachrie AL Jupri =250 ##$$a Cet.2 =260 ##$$a Jakarta : $b Hgina Walafafa, $c 2011 =300 ##$$a 86 hlm. ; $c 25 cm. =650 ##$$a Matematika-lingkaran =990 ##$$a 21404362